000 00317nam a2200121Ia 4500
005 20251222142011.0
008 251222s9999||||xx |||||||||||||| ||spa||
082 _a221/R41
100 _aRendtorff, Rolf
245 0 _aEl Antiguo Testamento:
264 _bFacultad de TeologĂ­a Pontificia y Civil de Lima
942 _cLIB
999 _c10332
_d10332